Historia social de la música popular en Chile, 1950-1970
Guardat en:
| Autors principals: | , , |
|---|---|
| Format: | Llibre |
| Idioma: | espanyol |
| Publicat: |
Santiago, Chile
Ediciones Universidad Católica de Chile
2009
|
| Matèries: | |
| Accés en línia: | Disponible Online - Caps. 2-6-7-9 |
| Etiquetes: |
Afegir etiqueta
Sense etiquetes, Sigues el primer a etiquetar aquest registre!
|
MARC
| LEADER | 00000cam a2200000 a 4500 | ||
|---|---|---|---|
| 001 | UCH9268 | ||
| 003 | CL-VaPUC | ||
| 005 | 20240328111853.0 | ||
| 008 | 091231e20090000CL |||||||||||||||||spa|d | ||
| 999 | |c 339283 |d 339281 | ||
| 020 | |a 9789561410688 | ||
| 040 | |c Pontificia Universidad Católica de Valparaíso | ||
| 082 | 0 | 4 | |a 781.630983 GON 2009 |2 21 |
| 100 | |a González Rodríguez, Juan Pablo |e autor |9 546217 | ||
| 245 | 1 | 0 | |a Historia social de la música popular en Chile, 1950-1970 |
| 260 | |a Santiago, Chile |b Ediciones Universidad Católica de Chile |c 2009 | ||
| 300 | |a 799 páginas | ||
| 500 | |a Incluye CD | ||
| 583 | |a last modification |c 20140505 12:58:48 |k Rodrigo Vera | ||
| 650 | 0 | |a Música popular chilena |2 CL-VaPUC |9 546220 |y 1950-1970 | |
| 650 | 0 | |a Música chilena |y Siglo 20 |9 324117 | |
| 650 | 0 | |a Historia de Chile |x Historia de la música |9 265473 | |
| 700 | 0 | |a Ohlsen Vásquez, Oscar |e author |9 546218 | |
| 700 | 0 | |a Rolle Cruz, Claudio |e author |9 546219 | |
| 856 | |u http://bibliografiadigital.pucv.cl.pucv.idm.oclc.org/index.php/bibliotecapucv/catalog/book/806 |y Disponible Online - Caps. 2-6-7-9 | ||
| 942 | |c BK |2 ddc | ||
| 945 | |d 20091231 00:00:00 |a rbrito | ||
| 952 | |0 0 |1 0 |2 ddc |4 0 |6 781_630983000000000_GON_2009 |7 0 |8 A |9 432834 |a BIBHIS |b BIBHIS |d 2019-11-22 |i 4629434 |l 3 |m 3 |o 781.630983 GON 2009 |p 4629434 |r 2025-01-20 |s 2024-11-13 |t 1 |w 2019-11-22 |y BK |k HIS | ||
| 952 | |0 0 |1 0 |2 ddc |4 0 |6 781_630983000000000_GON_2009 |7 0 |8 X |9 432835 |a FDOMLP |b FDOMLP |d 2019-11-22 |i 466972K |o 781.630983 GON 2009 |p 466972K |r 2019-11-22 |t 3 |w 2019-11-22 |y BK_X |k BU2 | ||
| 952 | |0 0 |1 0 |2 ddc |3 erb |4 0 |6 781_630983000000000_GON_2009 |7 0 |8 F |9 432836 |a BIBEDU |b BIBEDU |i 5076641 |l 16 |o 781.630983 GON 2009 |p 5076641 |r 2025-01-03 |s 2025-01-03 |t 2 |w 2019-11-22 |y BK_F |z Catalogado en:20140508 |k MUS | ||